000
00352 a2200169 4500
001
188163
020
_a
85-01-06415-7
040
_c
Magnum
100
_a
Moretzsohn, Ana Maria
240
1
0
_a
Bonita luz
_l
por
245
1
0
_a
Bonita luz
300
_a
171
362
0
_a
2006
440
1
_a
Record
697
_a
LITERATURA INFANTO-JUVENIL
942
_c
BK
999
_c
188163
_d
188163